Sovmestnyje predprijatija v SSSR i nekovertirujemost' rublja.
Problém valutovej výnosnosti podnikov v podmienkach nekonvertibilného rubľa. Rozdielnosť záujmov sovietskych a zahraničných podielnikov spoločných podnikov. Právne normy valutového hospodárstva podniku. Klasifikácia spoločných podnikov podľa valutovej efektívnosti.
Guardado en:
| Autor principal: | |
|---|---|
| Otros Autores: | , |
| Formato: | Capítulo de libro |
| Lenguaje: | ruso |
| Materias: | |
| Etiquetas: |
Sin Etiquetas, Sea el primero en etiquetar este registro!
|
MARC
| LEADER | 00000naa a2200000 4500 | ||
|---|---|---|---|
| 001 | r005568 | ||
| 005 | 20221208123222.2 | ||
| 041 | 0 | |a rus | |
| 044 | |a [SU] | ||
| 245 | 1 | 0 | |a Sovmestnyje predprijatija v SSSR i nekovertirujemost' rublja. |c V. Ranenko, Ch. Vlachucikos, V. Lugovskoj |
| 520 | |a Problém valutovej výnosnosti podnikov v podmienkach nekonvertibilného rubľa. Rozdielnosť záujmov sovietskych a zahraničných podielnikov spoločných podnikov. Právne normy valutového hospodárstva podniku. Klasifikácia spoločných podnikov podľa valutovej efektívnosti. | ||
| 610 | 2 | 0 | |a podnik spoločný |
| 610 | 2 | 0 | |a konvertibilita |
| 610 | 2 | 0 | |a rubeľ |
| 610 | 2 | 0 | |a valuty |
| 610 | 2 | 0 | |a ZSSR |
| 610 | 2 | 0 | |a predpisy právne |
| 100 | 1 | |a Ranenko, V. | |
| 700 | 1 | |a Vlachucikos, Ch. | |
| 700 | 1 | |a Lugovskoj, V. | |